NFL Penalty Yards Quiz Stats

Quiz Updated Nov 9, 2016

Challenge
Share
Tweet
Please look at the side on which the penalty is called, as the penalty is sometimes harsher for the Offense than it is for the Defense.
Score 0/30 Timer 04:00
6 Plays Today
Penalty (Side) Yards Penalized % Correct
False Start
Offense
???
88.9%
Neutral Zone Infraction
Defense
???
88.3%
Encroachment
Defense
???
88.2%
Delay of Game
Offense
???
87.6%
Offside
Offense or Defense
???
86.7%
Striking Opponent with Fist
Offense or Defense
???
84.1%
Unsportsmanlike Conduct
Offense or Defense
???
83.8%
Unnecessary Roughness
Offense or Defense
???
83.3%
Illegal Formation
Offense
???
83%
Roughing the Passer
Defense
???
80.6%
12 Men in the Huddle
Offense or Defense
???
79.6%
Facemask
Offense or Defense
???
79.5%
Illegal Substitution
Offense or Defense
???
78.2%
Roughing the Kicker
Defense
???
78.2%
Holding
Offense
???
77.1%
Penalty (Side) Yards Penalized % Correct
Too Many Men on the Field
Offense or Defense
???
76.9%
Spearing
Defense
???
70.2%
Taunting
Offense or Defense
???
67.2%
Clipping
Offense or Defense
???
57.5%
Illegal Use of Hands
Defense
???
53.7%
Running Into the Kicker
Defense
???
53.1%
Fair Catch Interference
Kicking Team
???
50.7%
Illegal Forward Pass
Offense
???
48.5%
Intentional Grounding
Offense
???
45.7%
Pass Interference
Offense
???
36.5%
Holding
Defense
???
34.2%
Tripping
Offense or Defense
???
34.2%
Kicking a Loose Ball
Offense or Defense
???
24.2%
Leaping
Defense
???
16%
Illegal Equipment
Offense or Defense
???
4.8%

You're not logged in!

Compare scores with friends on all Sporcle quizzes.
Sign Up with Email
OR
Log In

You Might Also Like...

Show Comments

Extras

Top Quizzes Today


Score Distribution

Your Account Isn't Verified!

In order to create a playlist on Sporcle, you need to verify the email address you used during registration. Go to your Sporcle Settings to finish the process.